Spare the rod /

Bibliographic Details
Main Author: Ritchie, Jane Beaglehole
Other Authors: Ritchie, James E.
Format: Book
Language:English
Published: Sydney ; Boston : Allen & Unwin, 1981.
Subjects:

MARC

Tag First Indicator Second Indicator Subfields
LEADER 00000cam a2200000 a 4500
001 in00000092835
005 20150923173315.0
008 820615s1981 at b 00110 eng
010 |a  82136483  
015 |a Aus*** 
020 |a 0868611077 
020 |a 0868611158 (pbk.) 
035 |a (OCoLC)08591271 
035 |9 AAK7842AM 
039 0 |a 2  |b 3  |c 3  |d 3  |e 3 
040 |a DLC  |c DLC  |d TXA  |d UtOrBLW 
043 |a u-nz--- 
049 |a TXAM  |c [1362533] 
050 0 0 |a HQ770.4  |b  R57 1981 
082 0 |a 649/.64  |2 19 
100 1 |a Ritchie, Jane Beaglehole. 
245 1 0 |a Spare the rod /  |c Jane & James Ritchie. 
264 1 |a Sydney ;  |a Boston :  |b Allen & Unwin,  |c 1981. 
300 |a xi, 153 pages ;  |c 22 cm. 
336 |a text  |b txt  |2 rdacontent 
337 |a unmediated  |b n  |2 rdamedia 
338 |a volume  |b nc  |2 rdacarrier 
500 |a Includes index. 
504 |a Bibliography: pages 140-150. 
650 0 |a Corporal punishment  |z New Zealand. 
650 0 |a Discipline of children. 
650 0 |a Child abuse  |z New Zealand. 
650 0 |a Parent and child  |z New Zealand. 
700 1 |a Ritchie, James E. 
999 |a MARS 
999 f f |s c08e6d8a-7d82-37b6-9512-8b89545d316f  |i fab45c14-b4a6-38f5-adec-04b510cfcb61  |t 0 
952 f f |p ric  |a Texas A&M University  |b Rellis Campus  |c Joint Library Facility  |d Remote Storage  |t 0  |e HQ770.4 R57 1981  |h Library of Congress classification  |i unmediated -- volume  |m A14806014965 
998 f f |a HQ770.4 R57 1981  |t 0  |l Remote Storage